| 000 | 00913nas a2200313 4500 | ||
|---|---|---|---|
| 001 | BR0809438 | ||
| 003 | BR-BrBNA | ||
| 005 | 20231205112538.0 | ||
| 007 | ta | ||
| 008 | 230509b bl.|||p| |||| 00| 00por d | ||
| 040 |
_aBR-BrBNA _bpor _cBiblioteca Nacional de Agricultura |
||
| 041 | _a(Pt) | ||
| 072 | _aU10 | ||
| 100 | 1 | _aLédo, F.J. da S. | |
| 100 | 1 | _aPereira, A.V. | |
| 100 | 1 | _aSouza Sobrinho, F. de | |
| 100 | 1 | _aAuad, A.M. | |
| 100 | 1 | _aJank, L. | |
| 100 | 1 | _aOliveira, J.S. e | |
| 245 | 1 | _aEstimativas de repetibilidade para caracteres forrageiros em Panicum maximum | |
| 650 | _aPANICUM MAXIMUM | ||
| 650 | _aCAPIM COLONIÃO | ||
| 650 | _aCORTE | ||
| 650 | _aESTIMATIVA | ||
| 650 | _aGENÓTIPO | ||
| 773 | 0 |
_tCiência e Agrotecnologia (Brazil) _xISSN 1413-7054 _g(Jul-Aug 2008), v. 32(4) p. 1299-1303 _wBR0809438 |
|
| 909 |
_a202311 _bLúcia _c55 _dLúcia Elande |
||
| 942 |
_2AGRIS _n0 _cANA |
||
| 999 |
_c198601 _d198601 |
||